Markets (Record no. 83630)
[ view plain ]
| 000 -LEADER | |
|---|---|
| fixed length control field | 01164cab a22002055a 4500 |
| 001 - CONTROL NUMBER | |
| control field | L154462 |
| 008 - FIXED-LENGTH DATA ELEMENTS--GENERAL INFORMATION | |
| fixed length control field | 111211e2011 xxk 000 0 eng d |
| 035 ## - SYSTEM CONTROL NUMBER | |
| System control number | (Sirsi) u154462 |
| 041 0# - LANGUAGE CODE | |
| Language code of text/sound track or separate title | eng |
| 100 1# - MAIN ENTRY--PERSONAL NAME | |
| Personal name | Stewart, Sarah |
| 245 00 - TITLE STATEMENT | |
| Title | Markets |
| Remainder of title | East of England |
| 260 ## - PUBLICATION, DISTRIBUTION, ETC. | |
| Date of publication, distribution, etc. | 2011 |
| 490 #0 - SERIES STATEMENT | |
| Series statement | Property Week |
| Volume/sequential designation | 77(47) 25 November 2011, 45-50(4) |
| 520 ## - SUMMARY, ETC. | |
| Summary, etc. | Car manufacturer Lotus choses Wrenbridge to develop a 56 000 sq ft visitor centre at its Hethel, Norfolk factory. Urban & Civic to submit planning application in December to develop part of the former Alconbury Airfield near Huntingdon, the largest brownfield site in southern England. Location 3 to redevelop former Danepak bacon factory in Thetford into retail space. Law firm Mills & Reeve to lease the 52 000 sq ft Botanic House in Cambridge, the first office prelet deal in Cambridge in more than 20 years. New health centre to be built in Sudbury after 35 years of disputes. |
| 590 ## - LOCAL NOTE (RLIN) | |
| Local note | KA |
| 651 #4 - SUBJECT ADDED ENTRY--GEOGRAPHIC NAME | |
| Geographic name | East of England |
| 690 ## - LOCAL SUBJECT ADDED ENTRY--TOPICAL TERM (OCLC, RLIN) | |
| Topical term or geographic name as entry element | PROPERTY-COMMERCIAL PROPERTY-COMMERCIAL PROPERTY MARKET |
| 690 ## - LOCAL SUBJECT ADDED ENTRY--TOPICAL TERM (OCLC, RLIN) | |
| Topical term or geographic name as entry element | PROPERTY-COMMERCIAL PROPERTY-COMMERCIAL PROPERTY FINANCE AND INVESTMENT |
| 942 ## - ADDED ENTRY ELEMENTS (KOHA) | |
| Suppress in OPAC | 0 |
| Withdrawn status | Lost status | Source of classification or shelving scheme | Damaged status | Not for loan | Home library | Current library | Shelving location | Date acquired | Total Checkouts | Full call number | Barcode | Date last seen | Copy number | Price effective from | Koha item type |
|---|---|---|---|---|---|---|---|---|---|---|---|---|---|---|---|
| Dewey Decimal Classification | London | London | Journal article | 11/12/2011 | L154462 | 154462-1001 | 06/08/2019 | 1 | 06/08/2019 | Archive |